MDQL
is popping MORE tags! Check the
thread
!
Quizzes
Events
Quiz Creation
Community
Videos
Private Events
Remove Ads
Sign In
Join for FREE
Feedback
Dark Mode
Quiz Categories
Sports
Geography
Music
Movies
Television
Just For Fun
Miscellaneous
History
Literature
Language
Science
Gaming
Entertainment
Religion
Holiday
For Kids
Quiz Lab
Recent
Popular Today
Quiz Kudos Today
Editor Picks
Curator Picks
Quizzes by...
Day
Popularity
Type
Ratings
Length
Year
Community
Subscriptions
Recent Discussions
Orange Saloon
Badges
Playlists
Quests
Create
Leaderboards
Showdown
Live 5
Trivia Bingo
Activity
Puzzle Library
Sporcle Events
Private Events
Virtual Trivia
Globe League
Become a Host
Pub Owners
SporcleCon
Opinionation
Our Games
Videos
Blog
Mobile Apps
Partnerships
Remove Ads and Go Orange
Feedback
Movies
Disney
Marvel Cinematic Universe
Movie Resume
Movie Titles
Oscar
Actor
Actress
Director
Pixar
Role
Movie Quotes
Movie Characters
Box Office
Nominee
Best Picture
Star Wars
James Bond
Horror Movies
Movies
Disney
Marvel Cinematic Universe
Movie Resume
Movie Titles
Oscar
Actor
Actress
Director
Pixar
Role
Movie Quotes
Movie Characters
Box Office
Nominee
Best Picture
Star Wars
James Bond
Horror Movies
Random Quiz
Search Sporcle
×
Quiz Lab
Quiz Lab
Movies
Star Wars
Type in answers that appear in a list
Type in answers that appear in a list
Classic
Best Score? Go Orange.
Profile: Yoda Stats
Can you name these facts about Yoda?
By
senordingdong
7m
16 Questions
874 Plays
874 Plays
874 Plays
Comments
Comments
Give Quiz Kudos
Give Quiz Kudos
-
- Ratings
hide this ad
Replay
Link that replays current quiz
Next Quiz
Link to next quiz in quiz playlist
You Got
0%
They Got
Avg Score
78%
Avg Friend Score
Upgrade to see
Score Distribution
Jump to the score distribution portion of the page
Score
0/16
Timer
07:00
0
Plays Today
Clue
% Correct
Movie Franchise He Appears
Star Wars
98.3%
Movie He Dies In
Return of the Jedi
96.6%
Served as a General in This 3 Year Long Galaxywide Conflict
The Clone Wars
95.1%
Order He is a Member Of
Jedi
94.5%
Movie Debut
The Empire Strikes Back
92.8%
Series Baby Yoda debuted
The Mandalorian
92.2%
Attempts to Complete This Jedi's Training in The Empire Strikes Back
Luke Skywalker
92.1%
Jedi Rank Attained
Grand Master
88.9%
Clue
% Correct
Famed Quote: 'Do or Do Not, There is No _
_
_
.'
Try
88.1%
Height, to the Nearest Foot
Two
86.7%
Lightsaber Color
Green
80.9%
Approximate Age: ('When _
_
_
_
years old you reach, look as good, you will not.')
900
77.1%
Planet He is Exiled To
Dagobah
76.7%
First Screen Lightsaber Battle with this Sith Darklord
Count Dooku
75.9%
Voiced By
Frank Oz
71.1%
Species
Unknown
34.4%
Quiz Playlist
Details
Report
Send in Message
Add To Playlist
Classic:
Type in answers that appear in a list
Last Updated: Feb 11, 2020
Quiz Scoreboard
CHALLENGE
Sign Up to Join the Scoreboard
Show All
Scores
Hide
Comments
May contain spoilers
Recently Published
Colored Red Africa Blitz
by spor1
Geography
30s
Find the 'City' Movie
by crazypaving
Movies
60s
5x2 Blitz: Bands
by SL_Kpop136
Music
30s
More to Explore
Quiz From the Vault
Featured Blog Post
14 Easter Pick-up Lines to Find Eggs With
hide this ad
You Might Also Like...
Tags
Movie Characters Quiz
Movie Quotes Quiz
Star Wars Quiz
profile
Yoda
Today's Top Quizzes in Movies
Browse Movies
hide this ad
Today's Top Quizzes in Star Wars
Browse Star Wars
Top Contributed Quizzes in Movies
1
Find The 'Big' Movie
2
Find The 'Wild' Movie
3
Find The 'Blue' Movie
4
Movies By Plot
5
Hidden Star Wars Character II
6
Pick 5 Posters: Directed by Spielberg
7
The ultimate James Bond movie quiz
8
Hidden Star Wars Character III
9
Hidden Star Wars Character IV
10
25 Best Actor Nominees (1990s)
Explore More
Trending Topics
Marvel
NBA
Harry Potter
Crossword
Anime
Disney
Kpop
Puzzle
The Office
Pokémon
Country
Soccer
WWE
NFL
Song
hide this ad
More By:
senordingdong
Quiz
Plays
Rating
Category
Featured
Created
Most to Fewest NBA Championships Minefield
943,021
4.47
Sports
Sep 4, 2017
Most to Fewest World Series Minefield
329,532
4.11
Sports
Jul 15, 2017
Most to Fewest Super Bowls Minefield
281,649
4.23
Sports
Mar 30, 2017
10 to 1: Breakfast
231,706
4.11
Miscellaneous
Feb 20, 2017
10 to 1: Dinner
221,310
4.40
Miscellaneous
Dec 26, 2017
Go to Creator's Profile
Score Distribution
Quiz Creator Spotlight
senordingdong
Follow
Send a Message
Quizzes Created
-
Created Quiz Play Count
-
More By This Creator
Popular Quizzes Today
1
Colored Red Africa Blitz
2
Find the US States - No Outlines Minefield
3
Find the 'City' Movie
4
5x2 Blitz: Bands
5
The Countries of the World
6
Find the US States
7
Find the Countries of Europe - No Outlines Minefield
8
US States
More Movies Quizzes
Brad Pitt Movies by Picture
Quiz Lab
Trending Quizzes
Colored Red Europe Blitz I
Colored Red Europe Blitz II
Colored Red Africa Blitz II
Colored Red Europe Blitz III
Colored Red Africa Blitz III
Recently Updated
How Do You Spell That?
pecheneg
Godzilla Movies
pecheneg
Grab Bag: 4-10 Letters
pecheneg
2024 March Madness Bracket
pecheneg
Famous TV Couples
Peacemaker
Champions League XIs: Real Madrid
pecheneg
Largest US Cities 1790-2010
pecheneg
Rides in Walt Disney World
pecheneg
Most Oscar Losses (Acting)
pecheneg
Beyoncé Albums
pecheneg
Trending Topics
Crossword
Kpop
Anime
Harry Potter
Marvel
Disney
NBA
The Office
NFL
WWE
Puzzle
Pokémon
Soccer
Country
Song
Your Account Isn't Verified!
In order to create a playlist on Sporcle, you need to verify the email address you used during registration. Go to your
Sporcle Settings
to finish the process.
Report this User
Report this user for behavior that violates our
Community Guidelines
.
Details:
Send Report
Go to the Sporcle.com Mobile Site →
Comments